African Law (Record no. 7857)

MARC details
000 -LEADER
fixed length control field 00661nam a22002417a 4500
003 - CONTROL NUMBER IDENTIFIER
control field TZ-ArACH
005 - DATE AND TIME OF LATEST TRANSACTION
control field 20260417123111.0
008 - FIXED-LENGTH DATA ELEMENTS--GENERAL INFORMATION
fixed length control field 260417b |||||||| |||| 00| 0 eng d
022 ## - INTERNATIONAL STANDARD SERIAL NUMBER
International Standard Serial Number 0021-8553
040 ## - CATALOGING SOURCE
Original cataloging agency LC
Language of cataloging EN
Transcribing agency TZ-ArACH
Modifying agency TZ-ArACH
050 ## - LIBRARY OF CONGRESS CALL NUMBER
Classification number KQC572
Item number .J68 2009
110 ## - MAIN ENTRY--CORPORATE NAME
Corporate name or jurisdiction name as entry element Cambridge University Press
245 ## - TITLE STATEMENT
Title African Law
260 ## - PUBLICATION, DISTRIBUTION, ETC. (IMPRINT)
Place of publication, distribution, etc London (UK):
Name of publisher, distributor, etc Cambridge University Press;
Date of publication, distribution, etc 2009
300 ## - PHYSICAL DESCRIPTION
Extent 170 p.:
440 ## - SERIES STATEMENT/ADDED ENTRY--TITLE
Title The Journal of African Law, Vol. 53 (1) 2009
International Standard Serial Number 0021-8553
650 ## - SUBJECT ADDED ENTRY--TOPICAL TERM
Topical term or geographic name as entry element Child Rights
650 ## - SUBJECT ADDED ENTRY--TOPICAL TERM
Topical term or geographic name as entry element Criminal Law
650 ## - SUBJECT ADDED ENTRY--TOPICAL TERM
Topical term or geographic name as entry element Basic Rights
9 (RLIN) 3935
650 ## - SUBJECT ADDED ENTRY--TOPICAL TERM
Topical term or geographic name as entry element Human Rights
651 ## - SUBJECT ADDED ENTRY--GEOGRAPHIC NAME
Geographic name Africa
942 ## - ADDED ENTRY ELEMENTS (KOHA)
Source of classification or shelving scheme Library of Congress Classification
Koha item type Books
Holdings
Home library Current library Date acquired Full call number Barcode Koha item type
African Court on Human and Peoples' Rights Library African Court on Human and Peoples' Rights Library 17/04/2026 KQC572 .J68 2009 10040293 Books

African Court on Human and Peoples' Rights | For Inquiries Contact » +255 272 510 510